000 00432nam a2200169Ia 4500
008 210324s9999||||xx |||||||||||||| ||und||
040 _cSTCPL
041 _hENG
082 _a821
_bNAR-C
100 _aNarasimhan S.
245 0 _aChoice reading
250 _a3rd ed.
260 _aMumbai
_bE.J. Arnold & Son Ltd.
_c1963
300 _a1-viii, 1-118
650 _aEnglish Poetryഉപന്യാസങ്ങള്‍
942 _cBK
999 _c8331
_d8331